|
|
|
|
| LEADER |
00000nam a2200000 a 4500 |
| 001 |
vtls001386257 |
| 003 |
SK-MaSNL |
| 005 |
20260301161508.0 |
| 008 |
240314s1959 xo 0 slo |
| 035 |
|
|
|a SNK000340414
|
| 040 |
|
|
|a SNK
|b slo
|c SNK
|e AACR2
|
| 041 |
0 |
|
|a slo
|
| 044 |
|
|
|a xo
|c SK
|
| 100 |
1 |
|
|a Farquhar, G.
|4 aut
|9 524594
|
| 245 |
1 |
0 |
|a Bubny a trúbky
|
| 260 |
|
|
|a Bratislava
|b Diliza
|c 1959
|
| 300 |
|
|
|a 122 s.
|
| 958 |
|
|
|a OND
|
| 999 |
|
|
|c 809677
|d 811607
|
| 952 |
|
|
|t P60, <03>, [BOOK], {603}
|a SNK
|b SNK
|y PREZ
|7 0
|p 17A0233814
|o snkSB 5842
|0 0
|1 0
|4 0
|d 2000-04-03
|l 0
|r 2025-02-19 00:00:00
|w 2026-02-24
|
| 952 |
|
|
|t P60, <05>, [BOOK], {605}
|a SNK
|b SNK
|y PREZ
|7 0
|p 17A0341401
|o snkSB 5842 D1
|0 0
|1 0
|4 0
|d 2002-04-24
|l 0
|r 2005-01-02 00:00:00
|w 2026-02-24
|